000 00588 a2200169 4500
020 _a0072422297
020 _a9780072422290
082 0 4 _a515.35
090 _c400
_d400
100 1 _aLedder, Glenn.
245 1 0 _aDifferential equations :
_ba modeling approach /
_cGlenn Ledder, Glenn Ledder.
260 _a[S.l.] :
_bMcGraw-Hill Science/Engineering/Math,
_c2005.
300 _a704 p. ;
_c24 cm.
700 1 _aLedder, Glenn.
942 _aSNS
_cBK
_k515.35 LED
999 _c29032
_d29032